El espectáculo más nacional / (Record no. 158077)

MARC details
000 -LEADER
campo de control de longitud fija 00669nam a2200181 i 4500
001 - NÚMERO DE CONTROL
campo de control 158077
003 - IDENTIFICADOR DE NÚMERO DE CONTROL
campo de control ES-MaACL
005 - FECHA Y HORA DE LA ÚLTIMA TRANSACCIÓN
campo de control 20250907063121.0
008 - DATOS DE LONGITUD FIJA--INFORMACIÓN GENERAL
campo de control de longitud fija 950412t18991900sp |||| | spa d
040 ## - FUENTE DE CATALOGACIÓN
Centro catalogador/agencia de origen AS
Centro/agencia transcriptor CCPB | SIC
Lengua de catalogación spa
100 1# - ENTRADA PRINCIPAL--NOMBRE DE PERSONA
Nombre de persona Navas, Juan Gualberto López Valdemoro de Quesada,
Títulos y otros términos asociados al nombre Conde de las,
Fechas asociadas al nombre 1855-1935
9 (RLIN) 85203
245 13 - MENCIÓN DEL TÍTULO
Título El espectáculo más nacional /
Mención de responsabilidad, etc. por el conde de las Navas.
260 ## - PUBLICACIÓN, DISTRIBUCIÓN, ETC.
Lugar de publicación, distribución, etc. Madrid :
Nombre del editor, distribuidor, etc. [s.n.],
Fecha de publicación, distribución, etc. 1899 (
Fabricante Est. tipo-litográfico "Sucesores de Rivadeneyra",
Fecha de fabricación/manufactura 1900)
300 ## - DESCRIPCIÓN FÍSICA
Extensión XVIII, 590 p. ;
Dimensiones 23 cm.
650 #4 - PUNTO DE ACCESO ADICIONAL DE MATERIA--TÉRMINO DE MATERIA
Término de materia o nombre geográfico como elemento de entrada Corridas de toros.
9 (RLIN) 11370
852 ## - LOCALIZACIÓN
Ubicación ES-MaACL
Número de control de estantería B-1570
Nota libre - Enc. hol.
Holdings
Estatus retirado Estado de pérdida Estado de daño No para préstamo Colección Biblioteca de origen Biblioteca actual Ubicación en estantería Fecha de adquisición Fuente de adquisición Total de préstamos Signatura topográfica completa Código de barras Visto por última vez Precio de reemplazo Tipo de ítem Koha
        Libros del s. XIX Biblioteca del Ateneo de Madrid Biblioteca del Ateneo de Madrid Sala Pardo Bazán 17/01/2008     B-1570 1165441 23/02/2023 23/02/2023 Libro impreso antiguo